000 00272nam a2200109Ia 4500
001 589076
005 20250717120842.0
008 250717s9999 xx 000 0 und d
245 0 _aX-2 TAŞ DEVRİ MODASI
_cREBECCA LISLE
260 _bİNDİGO YAYINLARI
_c2018
300 _b18
999 _c589076
_d589076